| 000 | nam a22 a 4500 | ||
|---|---|---|---|
| 999 |
_c3678 _d3678 |
||
| 005 | 20170523151150.0 | ||
| 008 | 170523b1999 -us||||| |||| 00| 0 eng d | ||
| 020 | _a0815514417 | ||
| 040 | _aAKMAL | ||
| 082 | 0 | 4 | _a660.29 BRA |
| 090 |
_a660.29 _bBRA |
||
| 100 | 1 |
_aBraun, David B. _97272 |
|
| 245 | 1 | 4 |
_aThe rheology modifier handbook : _bpractical use & application _cby David B. Braun and Meyer R. Rosen. |
| 260 |
_aNorwich, NY : _bNoyes Publications/William Andrew Pub, _c1999. |
||
| 300 |
_a p. cm. _c24cm |
||
| 504 | _aIncludes bibliographical references and index. | ||
| 650 | 0 |
_aRheology. _97273 |
|
| 700 | 1 |
_aRosen, Meyer R. _97274 |
|
| 852 | 4 | 1 |
_aBritish Library _bDSC | |
| 942 |
_2ddc _cBOOK |
||